|
|
|
|
| LEADER |
01571nam a2200313 a 4500 |
| 001 |
3904662 |
| 008 |
100404r20051991caua b 001 0 eng d |
| 999 |
|
|
|c 7959
|d 7959
|
| 010 |
|
|
|a \\\91009760
|
| 020 |
|
|
|a 0847813231
|
| 020 |
|
|
|a 0847813304 (pbk.)
|
| 040 |
|
|
|a DLC
|c DLC
|d DLC
|d BD-DhAAL
|
| 082 |
0 |
0 |
|a 720.92
|2 20
|
| 100 |
1 |
|
|a Brownlee, David Bruce.
|9 31825
|
| 245 |
1 |
0 |
|a Louis I. Kahn :
|b in the realm of architecture /
|c David B. Brownlee, David G. De Long ; introduction by Vincent Scully ; new photography by Grant Mudford.
|
| 260 |
|
|
|a Los Angeles :
|b Museum of Contemporary Art ;
|a New York :
|b Rizzoli,
|c 1991 [reprinted 2005].
|
| 300 |
|
|
|a 448 p. :
|b ill. (some col.) ;
|c 31 cm.
|
| 500 |
|
|
|a Published on the occasion of an exhibition organized by the Museum of Contemporary Art, Los Angeles, held at the Philadelphia Museum of Art and other institutions, Oct. 20, 1991-Feb. 1, 1994.
|
| 504 |
|
|
|a Includes bibliographical references (p. 432-439) and index.
|
| 526 |
|
|
|a ARC
|
| 541 |
1 |
|
|e 00018651
|
| 600 |
1 |
0 |
|a Kahn, Louis I.,
|d 1901-1974
|x Criticism and interpretation.
|9 31826
|
| 650 |
|
0 |
|a Architecture
|z United States
|x History
|y 20th century.
|9 31827
|
| 700 |
1 |
|
|a De Long, David Gilson,
|d 1939-
|9 31828
|
| 710 |
2 |
|
|a Museum of Contemporary Art (Los Angeles, Calif.)
|9 31829
|
| 710 |
2 |
|
|a Philadelphia Museum of Art.
|9 31830
|
| 852 |
4 |
|
|a Ayesha Abed Library
|j General Shelf
|
| 942 |
|
|
|2 ddc
|c BK
|
| 952 |
|
|
|0 0
|1 0
|2 ddc
|4 0
|6 720_920000000000000_BRO_2005
|7 0
|9 8967
|a BRACUL
|b BRACUL
|c GEN
|d 2010-04-04
|l 17
|m 124
|o 720.92 BRO
|p 3010018651
|r 2025-10-19
|s 2025-10-11
|t 1
|w 2010-04-04
|y BK
|